[Event "IECG CP.2002.S.00001 email"]
[Site "IECG email"]
[Date "2005.04.01"]
[Round "?"]
[White "Roberts, Anthony"]
[Black "Flaherty, Kevin LP"]
[Result "1/2-1/2"]
[WhiteElo "2304"]
[BlackElo "2259"]
[PlyCount "57"]
[EventDate "2005.04.01"]
[EventType "tourn (corr)"]
[EventRounds "6"]
[EventCountry "HUN"]
[SourceTitle "Corr 2008"]
[Source "ChessBase"]
[SourceDate "2008.06.24"]
[SourceVersion "1"]
[SourceVersionDate "2008.06.24"]
[SourceQuality "1"]

1. e4 c6 2. d4 d5 3. e5 Bf5 4. Nf3 e6 5. Be2 Nd7 6. 0-0 c5 7. c3 Ne7 8. Nh4 Be4 9. Nd2 Nc6 10. Nhf3 Bg6 11. Nb3 cxd4 12. cxd4 Be7 13. Bd2 0-0 14. Rc1 Rc8 15. Na5 Nxa5 16. Rxc8 Qxc8 17. Bxa5 Nb8 18. Qd2 Nc6 19. Rc1 Qd7 20. Bc3 Rc8 21. a3 a6 22. Qe3 Na7 23. Nd2 Nb5 24. Nb3 b6 25. Bb4 Rxc1+ 26. Qxc1 Bxb4 27. axb4 h6 28. Bf1 Nc7 29. Nd2 1/2-1/2

[Event "IECG WC.2006.S.00007 email"]
[Site "IECG email"]
[Date "2004.07.18"]
[Round "?"]
[White "Grafen, Denis"]
[Black "Flaherty, Kevin LP"]
[Result "1-0"]
[WhiteElo "2323"]
[BlackElo "2247"]
[PlyCount "59"]
[EventDate "2004.07.18"]
[EventType "tourn (corr)"]
[EventRounds "10"]
[SourceTitle "Corr 2008"]
[Source "ChessBase"]
[SourceDate "2008.06.24"]
[SourceVersion "1"]
[SourceVersionDate "2008.06.24"]
[SourceQuality "1"]

1. d4 d5 2. c4 dxc4 3. Nf3 Nf6 4. e3 e6 5. Bxc4 c5 6. 0-0 a6 7. Bb3 cxd4 8. exd4 Nc6 9. Nc3 Be7 10. Re1 0-0 11. Bg5 b5 12. Bxf6 Bxf6 13. d5 Nb4 14. Ne5 Qc7 15. d6 Qb6 16. d7 Bb7 17. Nxf7 Bh4 18. Re2 Kxf7 19. Kh1 Qc6 20. f3 Nd5 21. Rxe6 Kxe6 22. Bxd5+ Qxd5 23. Nxd5 Bxd5 24. Qd4 Bf6 25. Qg4+ Ke7 26. Re1+ Kd6 27. Rd1 Kc6 28. Qf5 Bxa2 29. b4 Kb7 30. Rd6 1-0

[Event "IECG CP.2003.P.00064 email"]
[Site "IECG email"]
[Date "2003.10.01"]
[Round "?"]
[White "Baioni, Alfio"]
[Black "Flaherty, Kevin LP"]
[Result "1/2-1/2"]
[WhiteElo "800"]
[BlackElo "2203"]
[PlyCount "87"]
[EventDate "2003.10.01"]
[EventType "tourn (corr)"]
[EventRounds "6"]
[EventCountry "IRL"]
[SourceTitle "Corr 2008"]
[Source "ChessBase"]
[SourceDate "2008.06.24"]
[SourceVersion "1"]
[SourceVersionDate "2008.06.24"]
[SourceQuality "1"]

1. e4 c6 2. d4 d5 3. exd5 cxd5 4. Bd3 Nc6 5. c3 Nf6 6. Bf4 Bg4 7. f3 Bh5 8. Ne2 e6 9. Nd2 Be7 10. Qb3 Qd7 11. 0-0 Bg6 12. Qc2 Rc8 13. a3 Nh5 14. Be5 Bxd3 15. Qxd3 0-0 16. Nb3 Qd8 17. a4 Qb6 18. Qb5 Nxe5 19. Qxb6 Nxf3+ 20. Rxf3 axb6 21. Nd2 Ra8 22. Rff1 Ra6 23. c4 Bb4 24. Nc3 dxc4 25. Nxc4 Rc8 26. Ne5 f6 27. Nd3 Bxc3 28. bxc3 Rxc3 29. Rfd1 g5 30. d5 b5 31. Nb4 Rxa4 32. dxe6 Re3 33. Rac1 Rxe6 34. Rc7 Re8 35. Nd5 b6 36. Rb7 g4 37. Rxb6 Kg7 38. Rxb5 Ra2 39. Nc3 Rc2 40. Rxh5 Rxc3 41. Rd7+ Kg6 42. Rhxh7 Rg8 43. Kf2 f5 44. Rc7 1/2-1/2

[Event "IECG CP.2003.P.00064 email"]
[Site "IECG email"]
[Date "2003.10.01"]
[Round "?"]
[White "Flaherty, Kevin LP"]
[Black "Marston, Dave"]
[Result "1-0"]
[WhiteElo "2203"]
[BlackElo "1356"]
[PlyCount "103"]
[EventDate "2003.10.01"]
[EventType "tourn (corr)"]
[EventRounds "6"]
[EventCountry "IRL"]
[SourceTitle "Corr 2008"]
[Source "ChessBase"]
[SourceDate "2008.06.24"]
[SourceVersion "1"]
[SourceVersionDate "2008.06.24"]
[SourceQuality "1"]

1. e4 e5 2. Nf3 Nf6 3. Nc3 Nc6 4. Bb5 Nd4 5. Bc4 d6 6. Ng5 Be6 7. d3 Bxc4 8. dxc4 h6 9. Nf3 Ne6 10. 0-0 Be7 11. a4 0-0 12. a5 a6 13. Re1 c6 14. Be3 Nd7 15. b4 c5 16. Nd5 cxb4 17. Rb1 Ndc5 18. Rxb4 Rc8 19. Qe2 f5 20. exf5 Rxf5 21. Rd1 Qf8 22. Rb6 Bd8 23. Rxd6 Nd4 24. Bxd4 Qxd6 25. Nxe5 Qe6 26. Qe1 Kh7 27. f4 Be7 28. Qf2 Bd6 29. Re1 Qg8 30. c3 Bxe5 31. Rxe5 Nd3 32. Qc2 Nxe5 33. Qxf5+ Ng6 34. Qd7 Rd8 35. Qxb7 Rb8 36. Qd7 Kh8 37. f5 Rb1+ 38. Kf2 Rb2+ 39. Kg3 Nf8 40. Qe7 Ra2 41. Nf4 Rxa5 42. c5 Ra4 43. c6 Ra5 44. c7 Rxf5 45. c8Q Rxf4 46. Qxg7+ Qxg7+ 47. Kxf4 Kh7 48. Bxg7 Ng6+ 49. Kg4 Kxg7 50. Qxa6 Kf7 51. c4 Ne7 52. c5 1-0

[Event "IECG CP.2003.P.00064 email"]
[Site "IECG email"]
[Date "2003.10.01"]
[Round "?"]
[White "Flaherty, Kevin LP"]
[Black "Sintoro, Ali"]
[Result "1-0"]
[WhiteElo "2203"]
[BlackElo "1800"]
[PlyCount "95"]
[EventDate "2003.10.01"]
[EventType "tourn (corr)"]
[EventRounds "6"]
[EventCountry "IRL"]
[SourceTitle "Corr 2008"]
[Source "ChessBase"]
[SourceDate "2008.06.24"]
[SourceVersion "1"]
[SourceVersionDate "2008.06.24"]
[SourceQuality "1"]

1. e4 e6 2. d4 d5 3. Nd2 Nf6 4. e5 Nfd7 5. c3 c5 6. Bd3 cxd4 7. cxd4 Nc6 8. Ne2 f6 9. exf6 Nxf6 10. 0-0 Bd6 11. Nf3 0-0 12. Bf4 Bxf4 13. Nxf4 Ne4 14. Ne2 Nd6 15. Ne5 Nxe5 16. dxe5 Nf7 17. Nd4 Qb6 18. b3 g6 19. Nf3 Bd7 20. Qd2 Rad8 21. b4 Bb5 22. Bxb5 Qxb5 23. a4 Qd7 24. a5 a6 25. h3 Rb8 26. Rfc1 Rbc8 27. Qe3 Rxc1+ 28. Rxc1 Rc8 29. Rxc8+ Qxc8 30. Qf4 Qc4 31. Qxc4 dxc4 32. Kf1 g5 33. Ke2 h5 34. Kd2 g4 35. hxg4 hxg4 36. Nd4 Nxe5 37. Nxe6 Nf7 38. Kc3 Nd6 39. Ng5 Kg7 40. Kd4 Kg6 41. Ne4 c3 42. Nxc3 Kf5 43. Kd5 Nc8 44. b5 g3 45. f3 axb5 46. Nxb5 Kf4 47. Ke6 Ke3 48. f4 1-0

[Event "IECG CP.2002.Q.00008 email"]
[Site "IECG email"]
[Date "2003.10.01"]
[Round "?"]
[White "Leoni, Alessandro"]
[Black "Flaherty, Kevin LP"]
[Result "1/2-1/2"]
[WhiteElo "2010"]
[BlackElo "2203"]
[PlyCount "58"]
[EventDate "2003.10.01"]
[EventType "tourn (corr)"]
[EventRounds "10"]
[SourceTitle "Corr 2008"]
[Source "ChessBase"]
[SourceDate "2008.06.24"]
[SourceVersion "1"]
[SourceVersionDate "2008.06.24"]
[SourceQuality "1"]

1. e4 c6 2. d4 d5 3. Nc3 dxe4 4. Nxe4 Nd7 5. Nf3 Ngf6 6. Ng3 e6 7. Bd3 c5 8. 0-0 cxd4 9. Nxd4 Bc5 10. Nb3 Be7 11. Re1 0-0 12. Qf3 a5 13. a4 Bd6 14. Ne4 Nxe4 15. Qxe4 Nf6 16. Qh4 h6 17. Bd2 e5 18. Bc3 Be6 19. Bc4 Bf5 20. Bxe5 Bxe5 21. Rxe5 Bxc2 22. Rae1 Bxb3 23. Bxb3 Qd2 24. Re7 Rac8 25. h3 Qxb2 26. Rxb7 Qc3 27. Rd1 Rc7 28. Rxc7 Qxc7 29. Qc4 Qa7 1/2-1/2

[Event "IECG CP.2002.Q.00008 email"]
[Site "IECG email"]
[Date "2003.10.01"]
[Round "?"]
[White "Wurschner, Miroslav"]
[Black "Flaherty, Kevin LP"]
[Result "1/2-1/2"]
[WhiteElo "2255"]
[BlackElo "2203"]
[PlyCount "65"]
[EventDate "2003.10.01"]
[EventType "tourn (corr)"]
[EventRounds "10"]
[SourceTitle "Corr 2008"]
[Source "ChessBase"]
[SourceDate "2008.06.24"]
[SourceVersion "1"]
[SourceVersionDate "2008.06.24"]
[SourceQuality "1"]

1. Nf3 d5 2. d4 Nf6 3. c4 dxc4 4. e3 e6 5. Bxc4 c5 6. Nc3 a6 7. a4 Nc6 8. 0-0 cxd4 9. exd4 Be7 10. Bf4 0-0 11. Re1 Qb6 12. Qd3 Rd8 13. Rad1 Bd7 14. Qe2 Qb4 15. Ne5 Na5 16. Ba2 Be8 17. Nd3 Qxd4 18. Bxe6 Nc6 19. Be3 Qd6 20. Bc4 Qc7 21. Bg5 Rac8 22. Rc1 Kh8 23. Bxf6 Bxf6 24. Nd5 Qd6 25. Nxf6 Qxf6 26. Qe3 Qd4 27. Nc5 Qxe3 28. Rxe3 Na5 29. Bf1 b6 30. b4 Bxa4 31. Rec3 bxc5 32. bxa5 g6 33. Bxa6 1/2-1/2

[Event "IECG WC.2006.P.00017 email"]
[Site "IECG email"]
[Date "2003.01.22"]
[Round "?"]
[White "Lehnert, Ronald"]
[Black "Flaherty, Kevin LP"]
[Result "1/2-1/2"]
[WhiteElo "1571"]
[BlackElo "2204"]
[PlyCount "107"]
[EventDate "2003.01.22"]
[EventType "tourn (corr)"]
[EventRounds "10"]
[SourceTitle "Corr 2008"]
[Source "ChessBase"]
[SourceDate "2008.06.24"]
[SourceVersion "1"]
[SourceVersionDate "2008.06.24"]
[SourceQuality "1"]

1. d4 d5 2. c4 dxc4 3. Nf3 Nf6 4. e3 e6 5. Bxc4 c5 6. 0-0 a6 7. dxc5 Bxc5 8. Qxd8+ Kxd8 9. a3 b5 10. Be2 Bb7 11. b4 Bd6 12. Nbd2 Ke7 13. Bb2 Nbd7 14. Rfd1 Rac8 15. Kf1 Rhd8 16. Bd3 h6 17. Rac1 e5 18. e4 g6 19. Bc2 Rc7 20. Bd3 Nh5 21. g3 Ng7 22. Ke2 Ne6 23. h4 h5 24. Ng5 Ng7 25. Rxc7 Bxc7 26. a4 f6 27. axb5 axb5 28. Ngf3 Bd6 29. Bc3 Rc8 30. Rc1 Ba6 31. Rc2 Nb6 32. Nb1 Ne6 33. Ra2 Ra8 34. Ne1 g5 35. Ng2 Na4 36. hxg5 fxg5 37. Kf1 Kf7 38. Bd2 Nd4 39. Ne3 h4 40. Kg2 Bc8 41. Nf5 Nxf5 42. exf5 Bb7+ 43. f3 g4 44. gxh4 Bxf3+ 45. Kf1 Bd5 46. Ra3 Rb8 47. Be2 Be4 48. Ra1 Be7 49. Nc3 Nxc3 50. Bxc3 Bxf5 51. Bxe5 Rb7 52. Ra5 Bxh4 53. Rxb5 Rxb5 54. Bxb5 1/2-1/2

[Event "CFriend SH-2003-0-00002 email"]
[Site "Chessfriend.com"]
[Date "2003.01.19"]
[Round "?"]
[White "Flaherty, Kevin LP"]
[Black "Schiller, Wilfried"]
[Result "1/2-1/2"]
[WhiteElo "2204"]
[BlackElo "2290"]
[PlyCount "78"]
[EventDate "2003.01.19"]
[EventType "tourn (corr)"]
[EventRounds "12"]
[SourceTitle "Corr 2008"]
[Source "ChessBase"]
[SourceDate "2008.06.24"]
[SourceVersion "1"]
[SourceVersionDate "2008.06.24"]
[SourceQuality "1"]

1. e4 c5 2. Nf3 d6 3. d4 cxd4 4. Nxd4 Nf6 5. Nc3 a6 6. Be3 Nc6 7. f3 d5 8. Nxd5 Nxd5 9. exd5 Qxd5 10. Nxc6 bxc6 11. c3 Bb7 12. Qa4 Qe5 13. Kf2 e6 14. Bd3 Bc5 15. Bxc5 Qxc5+ 16. Qd4 Qxd4+ 17. cxd4 Rd8 18. Ke3 Ke7 19. Rhd1 Rd6 20. Rac1 Rhd8 21. Be2 g5 22. Rc5 f6 23. h4 h6 24. hxg5 hxg5 25. Rh1 R8d7 26. Rh7+ Kd8 27. Rxd7+ Kxd7 28. Bc4 Kc7 29. b4 Bc8 30. a4 Rd8 31. g3 Kb6 32. Be2 Rh8 33. f4 gxf4+ 34. gxf4 Bd7 35. a5+ Kb7 36. Rh5 Rxh5 37. Bxh5 Kc7 38. Be2 Bc8 39. Kd3 Kd7 1/2-1/2

[Event "IECG CP.2001.Q.00016 email"]
[Site "IECG email"]
[Date "2002.10.01"]
[Round "?"]
[White "Bendig, Frank"]
[Black "Flaherty, Kevin LP"]
[Result "1/2-1/2"]
[WhiteElo "2305"]
[BlackElo "2197"]
[PlyCount "61"]
[EventDate "2002.10.01"]
[EventType "tourn (corr)"]
[EventRounds "6"]
[EventCountry "GER"]
[SourceTitle "Corr 2008"]
[Source "ChessBase"]
[SourceDate "2008.06.24"]
[SourceVersion "1"]
[SourceVersionDate "2008.06.24"]
[SourceQuality "1"]

1. Nf3 d5 2. b3 Bg4 3. Bb2 Nd7 4. e3 Ngf6 5. h3 Bh5 6. d3 e6 7. Be2 h6 8. c4 Bd6 9. cxd5 exd5 10. Nh4 Bxe2 11. Qxe2 0-0 12. 0-0 Re8 13. Nf5 Bf8 14. Nd2 g6 15. Ng3 c6 16. Qd1 Qe7 17. Qc2 Qc5 18. Qb1 Bg7 19. Nf3 Qe7 20. Qc2 c5 21. Rfe1 Rac8 22. Ne2 a6 23. Rac1 b5 24. b4 c4 25. a3 Nh5 26. Bc3 Bxc3 27. Qxc3 Ne5 28. Nxe5 Qxe5 29. Qxe5 Rxe5 30. Red1 Nf6 31. Kf1 1/2-1/2

[Event "IECG CP.2002.P.00069 email"]
[Site "IECG email"]
[Date "2002.10.01"]
[Round "?"]
[White "Kotov, Yuriy"]
[Black "Flaherty, Kevin LP"]
[Result "0-1"]
[WhiteElo "1781"]
[BlackElo "2197"]
[PlyCount "62"]
[EventDate "2002.10.01"]
[EventType "tourn (corr)"]
[EventRounds "6"]
[EventCountry "ENG"]
[SourceTitle "Corr 2008"]
[Source "ChessBase"]
[SourceDate "2008.06.24"]
[SourceVersion "1"]
[SourceVersionDate "2008.06.24"]
[SourceQuality "1"]

1. d4 d5 2. Nf3 Nf6 3. Bf4 c5 4. e3 Nc6 5. c3 Qb6 6. Qb3 c4 7. Qxb6 axb6 8. Na3 Ra5 9. Bc7 e6 10. Nb1 Ra6 11. Be2 b5 12. 0-0 Ne4 13. Nbd2 Nxd2 14. Nxd2 b4 15. cxb4 Bxb4 16. Rfd1 b5 17. a3 Be7 18. Nb1 b4 19. b3 Ra7 20. Bb6 Rb7 21. Bc5 Bxc5 22. dxc5 cxb3 23. a4 Na5 24. Nd2 Bd7 25. Rdb1 Ke7 26. Nxb3 Ra8 27. Nd4 e5 28. Nb5 b3 29. Rd1 b2 30. Rab1 Nc4 31. Nc3 Bc6 0-1

[Event "IECG CP.2001.Q.00016 email"]
[Site "IECG email"]
[Date "2002.10.01"]
[Round "?"]
[White "Ottaviani, Mauro"]
[Black "Flaherty, Kevin LP"]
[Result "1/2-1/2"]
[WhiteElo "1857"]
[BlackElo "2197"]
[PlyCount "76"]
[EventDate "2002.10.01"]
[EventType "tourn (corr)"]
[EventRounds "6"]
[EventCountry "GER"]
[SourceTitle "Corr 2008"]
[Source "ChessBase"]
[SourceDate "2008.06.24"]
[SourceVersion "1"]
[SourceVersionDate "2008.06.24"]
[SourceQuality "1"]

1. e4 c6 2. d4 d5 3. Nd2 dxe4 4. Nxe4 Nd7 5. Bc4 Ngf6 6. Nxf6+ Nxf6 7. c3 Qc7 8. Qf3 Bg4 9. Qg3 Qxg3 10. hxg3 e6 11. f3 Bf5 12. Ne2 Bd6 13. g4 Bg6 14. Bf4 Ke7 15. Bxd6+ Kxd6 16. Nf4 b5 17. Bb3 a5 18. a4 Rhb8 19. Nxg6 hxg6 20. 0-0-0 Rh8 21. g5 Nd7 22. axb5 cxb5 23. Bc2 Nb6 24. Bd3 Nc4 25. Bxc4 bxc4 26. Rxh8 Rxh8 27. Re1 f6 28. gxf6 gxf6 29. Kd2 Rh2 30. Re2 Kd5 31. g4 Rxe2+ 32. Kxe2 e5 33. dxe5 Kxe5 34. Ke3 g5 35. Ke2 Kf4 36. Kf2 a4 37. Ke2 Kg3 38. Ke3 Kg2 1/2-1/2

[Event "IECG CA.2002.0.00045 email"]
[Site "IECG email"]
[Date "2002.04.16"]
[Round "?"]
[White "Flaherty, Kevin LP"]
[Black "Speisser, Patrick"]
[Result "1/2-1/2"]
[WhiteElo "2139"]
[BlackElo "2141"]
[PlyCount "125"]
[EventDate "2002.04.16"]
[EventType "tourn (corr)"]
[EventRounds "6"]
[SourceTitle "Corr 2008"]
[Source "ChessBase"]
[SourceDate "2008.06.24"]
[SourceVersion "1"]
[SourceVersionDate "2008.06.24"]
[SourceQuality "1"]

1. e4 e5 2. Nf3 Nc6 3. d4 exd4 4. Nxd4 Bc5 5. Be3 Qf6 6. c3 Nge7 7. Bc4 Ne5 8. Be2 d5 9. Nd2 0-0 10. 0-0 Rd8 11. exd5 Nxd5 12. Ne4 Qe7 13. Bg5 f6 14. Nxc5 fxg5 15. Nd3 c5 16. Nxe5 Qxe5 17. Nf3 Qf6 18. Bc4 Be6 19. Qb3 g4 20. Nd2 Qf5 21. Qxb7 Rab8 22. Qc6 Rdc8 23. Qa6 Rxb2 24. Rae1 Rxd2 25. Rxe6 Rd8 26. Rd6 Rxd6 27. Qxd6 h6 28. Qxc5 Qe4 29. a3 Kh7 30. Bxd5 Qxd5 31. Qxa7 Rd3 32. Qb6 Rxc3 33. Qb1+ Qd3 34. Qxd3+ Rxd3 35. Ra1 Rd5 36. a4 Ra5 37. Kf1 Kg6 38. Ke2 Kf5 39. Kd3 Ke5 40. Kc4 Kd6 41. Kb4 Rf5 42. Ra2 Kc6 43. Re2 h5 44. a5 Kb7 45. Ra2 Ka6 46. Kc4 h4 47. Kd4 h3 48. gxh3 gxh3 49. Ke3 Rg5 50. f4 Rg6 51. f5 Rg4 52. Rf2 Kxa5 53. Rf3 Rb4 54. Rg3 Kb6 55. Rxg7 Kc6 56. Re7 Rg4 57. Rh7 Kd6 58. Kf3 Rd4 59. Kg3 Ke5 60. Rf7 Rd3+ 61. Kg4 Rd4+ 62. Kxh3 Rf4 63. Kg3 1/2-1/2